Vývoj poistenia zodpovednosti za škodu spôsobenú prevádzkou motorového vozidla

Historický vývoj poistenia zodpovednosti za škodu spôsobenú prevádzkou motorového vozidla v Slovenskej republike. Podstata zákona 381/2001 Z.z. o poistení zodpovednosti za škodu spôsobenú prevádzkou motorového vozidla v znení neskorších predpisov. Rozdiely medzi základným a zmluvným poistením.

Gespeichert in:
Bibliographische Detailangaben
1. Verfasser: Dobročanová, Denisa
Format: Buchkapitel
Sprache:Slowakisch
Schlagworte:
Tags: Tag hinzufügen
Keine Tags, Fügen Sie das erste Tag hinzu!

MARC

LEADER 00000nla$a2200000$$$4500
001 0046280
005 20231121080829.2
041 0 |a slo 
044 |a SK 
245 1 0 |a Vývoj poistenia zodpovednosti za škodu spôsobenú prevádzkou motorového vozidla  |c Denisa Dobročanová 
520 |a Historický vývoj poistenia zodpovednosti za škodu spôsobenú prevádzkou motorového vozidla v Slovenskej republike. Podstata zákona 381/2001 Z.z. o poistení zodpovednosti za škodu spôsobenú prevádzkou motorového vozidla v znení neskorších predpisov. Rozdiely medzi základným a zmluvným poistením. 
610 2 0 |a zodpovednosť za škody 
610 2 0 |a Slovensko 
610 2 0 |a poistenie zákonné 
610 2 0 |a poistenie zmluvné 
610 2 0 |a poistenie zodpovednosti za škody 
610 2 0 |a automobily 
610 2 0 |a legislatíva 
610 2 0 |a história 
100 1 |a Dobročanová, Denisa